| 000 | 01092nam a22002657a 4500 | ||
|---|---|---|---|
| 001 | 22151 | ||
| 005 | 20260401103154.0 | ||
| 008 | 260330b |||||||| |||| 00| 0 spa d | ||
| 020 | _a9780367627775 | ||
| 041 | _aING | ||
| 082 |
_a241.2 _bC262 |
||
| 100 |
_aCochran, Robert F. _eEDT |
||
| 245 | _aChristianity and private law | ||
| 260 |
_aNew York : _bRoutledge, _c2021 |
||
| 300 |
_axii, 317 páginas : _btablas ; _c24 cm. |
||
| 440 | _a ; | ||
| 650 | _aREL | ||
| 653 | _aCristianismo y derecho; Religión y derecho; Cristianismo - Filosofía; Derecho civil | ||
| 654 | _aCHU | ||
| 700 |
_aMoreland, Michael P. _eEDT |
||
| 856 |
_uhttps://0u20fux0w-y-https-research-ebsco-com.itmsp.museknowledge.com/c/qxo6us/search _zVéase además: Base de datos EBSCOhost |
||
| 856 |
_uhttps://0u20vux13-y-https-ebookcentral-proquest-com.itmsp.museknowledge.com/lib/catolicasp/home.action _zVéase además: Base de datos ProQuest Ebook Central |
||
| 856 |
_uhttps://0u20jux0z-y-https-www-jstor-org.itmsp.museknowledge.com/ _zVéase además: Base de datos JSTOR |
||
| 942 |
_cLIB _dJUS _fMAT _n0 _2ddc |
||
| 999 |
_c22151 _d22151 |
||